00681nam a22001937a 450000500170000001000150001702000270003203500130005903700130007208200120008510000200009724500780011726000340019527000600022930000320028994200220032199900170034395201270036020130611115250.0 aENG-107412 a9789381523377c1250.00 aEN-90945 bDBAD/PUB a954.083 aAtkinson, G. F. aThe compaign in India /cby G. F. Atkinson ; foreworded by Mushirul Hasan aNew DelhibNiyogi Booksc2012 aD-78, Okhla Industrial Area, Phase-IbNew Delhie110020 a92p. :c28cm(Hb)bcol. ill. 2ddccENmCAMhATK c76202d76202 001040718NFICaDBADbDBADd2013-05-27eDBAD/PUBg1250.00l0o954.083 ATKpEN-90945r2013-05-27 00:00:00t1v1250.00yEN